| 000 | 00704nam a2200157 i 4500 | ||
|---|---|---|---|
| 001 | 40602 | ||
| 003 | ES-MaACL | ||
| 005 | 20230906160252.0 | ||
| 007 | t| | ||
| 008 | 030306s1930 sp ||||1| cat d | ||
| 100 | 1 |
_aCarreras Valls, R. _935683 |
|
| 245 | 1 | 3 |
_aEl Catalá XPO Ferrens Colom de Terra Rubra, descobridor d'America / _cconferencia donada per R. Carreras Valls a l'ateneu de Tortosa el 1 de Desembre de 1929, traduïda al Castellá, Frencés, Italiá, Anglés y Aleimany, seguida d'un index cronologie de documents per a la Biografia del Descobridor fins a 5 de maig de 1847. |
| 260 |
_aBarcelona : _b[s.n., _c1930] ( _fImp. Altés) |
||
| 300 |
_a97 p. ; _c25 cm. |
||
| 852 |
_aES-MaACL _j1738-F-3 |
||
| 999 |
_c40602 _d40602 |
||